000 01215namaa2200301 i 4500
003 EG-GICUC
005 20260405141309.0
008 260405s1981 ti a|||gr|||| 000 0 ara d
040 _aEG-GiCUC
_bara
_cEG-GiCUC
_dEG-GiCUC
_erda
082 0 4 _221
_a410
_bM9281
092 0 4 _221
_a410
_bM9281
099 _a410 M9281
100 1 _aمونان، جورج،
_d1910-1993
_eمؤلف.
245 1 0 _a‪مفاتيح الالسنية /
_c‪تاليف جورج مونان ؛ عربه و ذيله بمعجم عربى : فرنسى الطيب البكوش ؛ تقديم صالح القرمادى.
264 _a‪تونس :
_b‪الجديد،
_c1981.
300 _a180 صفحة :
_bإيضاحيات ؛
_c20 سم
336 _2rdacontent
_atext
337 _2rdamedia
_aUnmediated
338 _2rdacarrier
_avolume
504 _aBibliography: pages 200-250. 240-220 ببليوجرافيا: صفحات.
541 _aوزارة الثقافة ؛
_bالقاهرة ؛
_cإهداء ؛
_d2023.
650 1 _a‪اللغة، علم.
_2qrmak
651 1 _2qrmak
700 1 _a‪البكوش، الطيب.
_eمترجم.
700 1 _a‪القرمادي، صالح.
_eمقدم.
905 _aAsmaa
942 _2ddc
_cBK
_e21
_n0
999 _c179207
_d179207